[Event "OGOLNOPOLSKA OLIMPIADA MLODZIEZY<br/>MISTRZOSTWA POLSKI JUNIOROW 2016 - C12"]
[Site "Olecko"]
[Date "2016-05-07"]
[Round "3.4"]
[White "Bukala, Norbert"]
[Black "Dzida, Kamil"]
[Result "0-1"]
[WhiteTitle "II"]
[BlackTitle "I"]
[WhiteElo "1415"]
[BlackElo "1838"]

1. d4 Nf6 2. c4 e6 3. Nc3 Bb4 4. Bg5 O-O 5. f3 c5 6. d5 d6 7. e4 Re8 8. Nge2 Na6
9. a3 Bxc3+ 10. Nxc3 exd5 11. Nxd5 Be6 12. Bxf6 gxf6 13. Nc3 Qe7 14. Be2 Nb8 15.
O-O Nc6 16. f4 f5 17. Bd3 fxe4 18. Bxe4 f5 19. Bd5 Qf7 20. Qd3 Nd4 21. Rae1 Kh8
22. b4 Bxd5 23. Nxd5 Rxe1 24. Rxe1 Re8 25. Rxe8+ Qxe8 26. Kf2 b6 27. b5 Qe6 28.
a4 Kg7 29. Qe3 Kf7 30. h3 Nc2 31. Qxe6+ Kxe6 32. Ke2 Nb4 33. Nxb4 cxb4 34. Kd3
h5 35. Kc2 d5 36. Kb3 d4 37. Kxb4 Kd6 38. c5+ bxc5+ 39. Kc4 h4 40. a5 Kc7 41.
Kd3 Kd7 42. Kc4 Kd6 43. b6 axb6 44. axb6 Kc6 45. b7 Kxb7 46. Kxc5 d3 47. Kd4 d2
48. Ke5 d1=Q 49. Kxf5 Qh5+ 50. Kf6 Kc6 51. f5 Qh6+ 52. Kf7 Qg5 53. Ke6 Qxg2 54.
f6 Qxh3+ 55. Kf7 Qf5 56. Kg7 h3 57. f7 Qg5+ 58. Kf8 h2 59. Ke8 Qe5+ 60. Kf8 h1=Q
61. Kg8 Qhh8# 0-1

[Event "OGOLNOPOLSKA OLIMPIADA MLODZIEZY<br/>MISTRZOSTWA POLSKI JUNIOROW 2016 - C12"]
[Site "Olecko"]
[Date "2016-05-07"]
[Round "3.5"]
[White "Oleksy, Krzysztof"]
[Black "Fiedorek, Michal"]
[Result "0-1"]
[WhiteTitle "I"]
[BlackTitle "I"]
[WhiteElo "1653"]
[BlackElo "1783"]

1. d4 Nf6 2. c4 e6 3. g3 Bb4+ 4. Bd2 a5 5. Bg2 O-O 6. a3 Bxd2+ 7. Qxd2 d5 8. Nc3
Re8 9. Nf3 c6 10. O-O Nbd7 11. Ne5 Nxe5 12. dxe5 Ng4 13. Qd4 f5 14. cxd5 exd5
15. f4 Be6 16. Na4 h5 17. Bf3 g6 18. Bxg4 fxg4 19. Nc5 Qe7 20. Rae1 Red8 21. Nxe6
Qxe6 22. Rd1 Qf5 23. Rfe1 Kf7 24. Rd2 Qe6 25. Red1 Qe7 26. Qc3 h4 27. Kg2 hxg3
28. Qxg3 Qe6 29. e4 Rac8 30. f5 gxf5 31. exf5 Qh6 32. Rd4 Rg8 33. e6+ Ke7 34.
Rxg4 Qh7 35. h3 Qxf5 36. Rxg8 Qc2+ 37. Kh1 Qxd1+ 38. Qg1 Qxg1+ 39. Rxg1 Kxe6 40.
Rg7 b5 41. Kg2 Kf5 42. Kf3 Rh8 43. Rg3 Rh4 44. Kg2 d4 45. b4 axb4 46. axb4 d3
47. Rxd3 Rxb4 48. Rc3 Ke4 49. Rxc6 Kd3 50. Kg3 Rc4 51. Rf6 b4 52. Rf3+ Kc2 53.
Rf2+ Kc1 54. Rf1+ Kb2 55. h4 b3 56. Rf7 Ka3 57. Rf3 Ka2 58. Rf7 b2 59. Ra7+ Kb3
60. h5 b1=Q 0-1

[Event "OGOLNOPOLSKA OLIMPIADA MLODZIEZY<br/>MISTRZOSTWA POLSKI JUNIOROW 2016 - C12"]
[Site "Olecko"]
[Date "2016-05-07"]
[Round "3.6"]
[White "Babiarz, Arkadiusz"]
[Black "Redzisz, Michal"]
[Result "1-0"]
[WhiteTitle "I"]
[BlackTitle "II"]
[WhiteElo "1656"]
[BlackElo "1750"]

1. e4 c5 2. c3 d5 3. exd5 Qxd5 4. d4 cxd4 5. cxd4 Nc6 6. Nf3 Bg4 7. Be2 O-O-O 8.
Nc3 Qd7 9. d5 Bxf3 10. Bxf3 Ne5 11. Bf4 Nxf3+ 12. Qxf3 e5 13. Be3 Kb8 14. O-O
Bd6 15. Rfd1 f6 16. Rac1 Ne7 17. a4 Rc8 18. Ne4 Rxc1 19. Rxc1 Rd8 20. Nxd6 Qxd6
21. Bc5 Qd7 22. d6 Nc8 23. Bxa7+ Nxa7 24. Rc7 Qxc7 25. dxc7+ Kxc7 26. Kf1 Nc6
27. Qh5 h6 28. Qf7+ Rd7 29. Qc4 Rd4 30. Qf7+ Rd7 31. Qf8 b6 32. b4 Nd4 33. a5
bxa5 34. bxa5 Nc6 35. Qc5 Rd4 36. Qb6+ Kd6 37. Qb7 Nxa5 38. Qxg7 Ke6 39. Qxh6
Nc4 40. g3 Nd2+ 41. Kg2 Ne4 42. Qg6 Nd6 43. h4 Nf5 44. h5 1-0

[Event "OGOLNOPOLSKA OLIMPIADA MLODZIEZY<br/>MISTRZOSTWA POLSKI JUNIOROW 2016 - C12"]
[Site "Olecko"]
[Date "2016-05-07"]
[Round "3.7"]
[White "Grzesik, Gracjan"]
[Black "Poltorak, Sebastian"]
[Result "1/2-1/2"]
[WhiteTitle "I"]
[BlackTitle "II+"]
[WhiteElo "1748"]
[BlackElo "1623"]

1. e4 c6 2. d4 d5 3. Nc3 dxe4 4. Nxe4 Bf5 5. Ng3 Bg6 6. Nh3 Nf6 7. Nf4 e5 8. Nxg6
hxg6 9. dxe5 Qa5+ 10. Bd2 Qxe5+ 11. Qe2 Qxe2+ 12. Bxe2 Bc5 13. O-O O-O 14. Bf3
Nbd7 15. Bc3 Rfe8 16. Rfe1 Nb6 17. Bxf6 gxf6 18. Ne4 Be7 19. b3 f5 20. Ng3 Bf6
21. Rxe8+ Rxe8 22. Rd1 Kf8 23. c4 Rd8 24. Rxd8+ Bxd8 25. Kf1 Ke7 26. Ke2 Kd6 27.
Kd3 Kc5 28. a3 a5 29. Bd1 Bf6 30. Ne2 Bb2 31. a4 Kb4 32. Kc2 Bf6 33. Nc1 Kc5 34.
Kd3 Nd7 35. f4 Nf8 36. g4 Ne6 37. gxf5 Nxf4+ 38. Ke4 Nh3 39. Nd3+ Kd6 40. fxg6
fxg6 41. Bg4 Ng5+ 42. Ke3 Nf7 43. Kf3 1/2-1/2

[Event "OGOLNOPOLSKA OLIMPIADA MLODZIEZY<br/>MISTRZOSTWA POLSKI JUNIOROW 2016 - C12"]
[Site "Olecko"]
[Date "2016-05-07"]
[Round "3.8"]
[White "Baum, Jonasz"]
[Black "Lichorad, Mateusz"]
[Result "1/2-1/2"]
[WhiteTitle "I"]
[BlackTitle "II"]
[WhiteElo "1857"]
[BlackElo "1644"]

1. e4 e5 2. Nf3 Nc6 3. Bc4 Nf6 4. d3 Bc5 5. c3 d6 6. O-O h6 7. Nbd2 O-O 8. h3 Bb6
9. Bb3 Ne7 10. Re1 Ng6 11. Nc4 Re8 12. Nxb6 axb6 13. a3 Qe7 14. Kh2 Be6 15. Bc2
Bd7 16. d4 Bc6 17. d5 Bd7 18. g3 Rf8 19. Bd2 Ne8 20. Qb1 Qf6 21. Re3 Ne7 22. Kg2
g6 23. Nh4 Qg7 24. c4 f5 25. Rf3 g5 26. Nxf5 Nxf5 27. exf5 Nf6 28. b4 e4 29. Re3
Bxf5 30. Bc3 Rae8 31. Qb2 Bg6 32. Rae1 Re7 33. Bxf6 Rxf6 34. Bxe4 Bxe4+ 35. Rxe4
Ref7 36. Re8+ Kh7 37. Qc2+ Qg6 38. Qxg6+ Kxg6 39. R1e2 Rf3 40. R8e3 R3f5 41. Re7
Rxf2+ 42. Rxf2 Rxe7 43. Rf8 Re4 44. Rb8 Rxc4 45. Rf8 Re4 46. Rb8 Rc4 47. Rxb7
Kf6 48. a4 Rxb4 49. Rxc7 Rxa4 50. Rc6 Ke5 1/2-1/2

[Event "OGOLNOPOLSKA OLIMPIADA MLODZIEZY<br/>MISTRZOSTWA POLSKI JUNIOROW 2016 - C12"]
[Site "Olecko"]
[Date "2016-05-07"]
[Round "3.9"]
[White "Mechlinski, Jakub"]
[Black "Jaszczuk, Hubert"]
[Result "1-0"]
[WhiteTitle "II+"]
[BlackTitle "II+"]
[WhiteElo "1805"]
[BlackElo "1545"]

1. e4 e6 2. d4 d5 3. Nd2 Nf6 4. e5 Nfd7 5. Bd3 c5 6. c3 Qb6 7. Ne2 cxd4 8. cxd4
Nc6 9. Nf3 Bb4+ 10. Kf1 Be7 11. a3 a5 12. g3 f6 13. exf6 Bxf6 14. Kg2 O-O 15.
Qc2 g6 16. Be3 Bg7 17. h4 Nf6 18. Bg5 Ng4 19. h5 Nxd4 20. Nexd4 Bxd4 21. hxg6
Nxf2 22. g7 Kxg7 23. Bh6+ Kf7 24. Nxd4 Nxh1 25. Rf1+ Ke7 26. Bxf8+ Ke8 27. Bb5+
Bd7 28. Bc5 Bxb5 29. Bxb6 Bxf1+ 30. Kxh1 1-0

[Event "OGOLNOPOLSKA OLIMPIADA MLODZIEZY<br/>MISTRZOSTWA POLSKI JUNIOROW 2016 - C12"]
[Site "Olecko"]
[Date "2016-05-07"]
[Round "3.10"]
[White "Suder, Jakub"]
[Black "Wolaniecki, Patryk"]
[Result "1-0"]
[WhiteTitle "I"]
[BlackTitle "I"]
[WhiteElo "1763"]
[BlackElo "1585"]

1. d4 Nf6 2. Nf3 e6 3. e3 c5 4. Bd3 d5 5. b3 Nc6 6. O-O Bd6 7. Bb2 cxd4 8. exd4
O-O 9. Nbd2 b6 10. Ne5 Bb7 11. f4 Rc8 12. a3 Nd7 13. Qh5 h6 14. Rf3 f5 15. Rg3
Bxe5 16. fxe5 Kh8 17. Nf3 Qe8 18. Rg6 Ne7 19. Rg5 Qxh5 20. Rxh5 Ng6 21. g3 Kg8
22. a4 Kf7 23. Rf1 Rh8 24. Bc1 Ne7 25. g4 g5 26. h4 gxh4 27. gxf5 exf5 28. Nxh4
Rhg8+ 29. Kh1 Ke8 30. Nxf5 Nxf5 31. Bxf5 Ba6 32. Rg1 Rf8 33. Bxh6 Rh8 34. Rg7
Nf8 35. Bxc8 1-0

[Event "OGOLNOPOLSKA OLIMPIADA MLODZIEZY<br/>MISTRZOSTWA POLSKI JUNIOROW 2016 - C12"]
[Site "Olecko"]
[Date "2016-05-07"]
[Round "3.11"]
[White "Stolarski, Adam"]
[Black "Majewski, Krzysztof"]
[Result "1-0"]
[WhiteTitle "I"]
[BlackTitle "II"]
[WhiteElo "1733"]
[BlackElo "1492"]

1. e4 c5 2. c3 d5 3. exd5 Qxd5 4. d4 e5 5. Nf3 cxd4 6. cxd4 exd4 7. Nxd4 Bc5 8.
Be3 Nf6 9. Nc3 Qd8 10. Be2 O-O 11. O-O a6 12. Bf3 Nbd7 13. Na4 Ba7 14. Bf4 Nb6
15. Nxb6 Qxb6 16. Nb3 Be6 17. Be3 Bxb3 18. axb3 Qb5 19. Bxa7 Rxa7 20. Ra4 Qe5
21. Rd4 Re8 22. Qd2 b6 23. Bc6 Rf8 24. Re1 Qc5 25. Rc1 Qe5 26. f4 Qe6 27. Rd6
Qxb3 28. Rc3 Qb4 29. Rxf6 Rc7 30. Rd6 g6 31. f5 Re7 32. f6 Qh4 33. fxe7 Qxe7 34.
Rd7 Qh4 35. Qf2 Qg4 36. h3 Qg5 37. Bd5 Qh5 38. Bxf7+ Kh8 39. Qf6# 1-0

[Event "OGOLNOPOLSKA OLIMPIADA MLODZIEZY<br/>MISTRZOSTWA POLSKI JUNIOROW 2016 - C12"]
[Site "Olecko"]
[Date "2016-05-07"]
[Round "3.12"]
[White "Ochedzan, Tymon"]
[Black "Gorkiewicz, Mateusz"]
[Result "1-0"]
[WhiteTitle "II+"]
[BlackTitle "II"]
[WhiteElo "1664"]
[BlackElo "1721"]

1. e4 e5 2. Nf3 Nc6 3. Bb5 a6 4. Ba4 Nf6 5. O-O b5 6. Bb3 Be7 7. Re1 d6 8. c3 Nb8
9. h3 O-O 10. d4 Nbd7 11. Nbd2 Bb7 12. Bc2 Re8 13. Nf1 Bf8 14. d5 g6 15. b3 Bg7
16. Ba3 Nb6 17. Qd3 Rc8 18. c4 Qd7 19. cxb5 axb5 20. N1d2 Bf8 21. Qf1 c6 22. dxc6
Bxc6 23. Bd3 Bg7 24. Rac1 Re7 25. Nb1 Ra8 26. Rc2 Nc8 27. Bb4 Ne8 28. Rec1 Na7
29. Rxc6 Nxc6 30. Bxb5 Rc8 31. Qc4 Qa7 32. Bxc6 Rec7 33. Qb5 Bh6 34. Rc2 Bf4 35.
Ba5 Re7 36. Qb6 Nf6 37. g3 Bh6 38. Qxa7 Rxa7 39. b4 Nd7 40. Rc3 Nf8 41. Bd5 Rxc3
42. Nxc3 Ne6 43. Nb5 Re7 44. Nxd6 Bg7 45. Nc4 Nd4 46. Ng5 Nc2 47. Nxf7 Kf8 48.
Nfd6 h5 49. a3 Nd4 50. Bb6 Nc2 51. Bc5 Rd7 52. Nc8+ Ke8 53. Bc6 1-0

[Event "OGOLNOPOLSKA OLIMPIADA MLODZIEZY<br/>MISTRZOSTWA POLSKI JUNIOROW 2016 - C12"]
[Site "Olecko"]
[Date "2016-05-07"]
[Round "3.13"]
[White "Kabacinski, Krzysztof"]
[Black "Turski, Bartlomiej"]
[Result "1/2-1/2"]
[WhiteTitle "II"]
[BlackTitle "I"]
[WhiteElo "1636"]
[BlackElo "1704"]

1. e4 c6 2. d4 d5 3. Nc3 dxe4 4. Nxe4 Bf5 5. Ng3 Bg6 6. h4 h6 7. h5 Bh7 8. Nf3
Nd7 9. Bd3 Bxd3 10. Qxd3 e6 11. Bd2 Qc7 12. O-O-O Ngf6 13. Qe2 O-O-O 14. Ne5 Nxe5
15. dxe5 Nd5 16. f4 Be7 17. Rhf1 Rhe8 18. Ne4 Qb6 19. g4 Nb4 20. a3 Na6 21. g5
Qc7 22. g6 fxg6 23. hxg6 Nc5 24. Nxc5 Bxc5 25. Be3 Qb6 26. Bxc5 Qxc5 27. Rf3 Rxd1+
28. Qxd1 Rd8 29. Qf1 Qd5 30. Rd3 Qe4 31. Rxd8+ Kxd8 32. Qf2 a6 33. Qg3 Kd7 34.
Kd2 Qd4+ 35. Qd3 Qxd3+ 36. Kxd3 b5 37. b3 a5 38. c4 Kc7 39. c5 b4 40. a4 Kd7 41.
Ke4 Ke7 42. Kf3 Kf8 43. Kg4 Ke7 1/2-1/2

[Event "OGOLNOPOLSKA OLIMPIADA MLODZIEZY<br/>MISTRZOSTWA POLSKI JUNIOROW 2016 - C12"]
[Site "Olecko"]
[Date "2016-05-07"]
[Round "3.14"]
[White "Skurniak, Szymon"]
[Black "Wysocki, Mateusz"]
[Result "1-0"]
[WhiteTitle "I"]
[BlackTitle "II"]
[WhiteElo "1694"]
[BlackElo "1469"]

1. e4 e6 2. d4 d5 3. Nd2 c5 4. exd5 exd5 5. Ngf3 Nc6 6. Bb5 Bd6 7. O-O Nge7 8.
dxc5 Bxc5 9. Nb3 Bd6 10. Bg5 f6 11. Be3 O-O 12. Nbd4 a6 13. Bxc6 bxc6 14. Nxc6
Qd7 15. Nxe7+ Bxe7 16. Qd4 Bb7 17. Rfd1 Qc6 18. c3 Rac8 19. Rd2 Rfd8 20. Re1 Bf8
21. Qg4 Qd7 22. Qxd7 Rxd7 23. Bd4 Kf7 24. Kf1 Re7 25. Re3 Rxe3 26. Bxe3 g6 27.
Ke2 Be7 28. Kd1 Rc7 29. Kc2 Rc8 30. Nd4 Bc5 31. Nb3 Bxe3 32. fxe3 Ke6 33. Rd4
Ke5 34. Kd3 Bc6 35. Rh4 h5 36. Nd4 Bd7 37. h3 Rb8 38. b4 a5 39. a3 axb4 40. axb4
Ra8 41. g4 hxg4 42. hxg4 g5 43. Nf3+ Kd6 44. Rh6 Bxg4 45. Nxg5 Bf5+ 46. Kd4 Ke7
47. Nf3 Rc8 48. Nd2 Ke6 49. b5 Rb8 50. Kc5 Rc8+ 51. Kb4 Bd3 52. Nf3 Rc4+ 53. Kb3
Rc7 54. Nd4+ Ke5 55. Kb4 Rc4+ 56. Ka5 Rxc3 57. b6 Ra3+ 58. Kb4 Ra6 59. Kc5 Ra5+
60. Kc6 Ba6 61. Rh8 Ke4 62. Re8+ Kd3 63. Nb3 Ra3 64. Nc5+ Kd2 65. Ra8 1-0

[Event "OGOLNOPOLSKA OLIMPIADA MLODZIEZY<br/>MISTRZOSTWA POLSKI JUNIOROW 2016 - C12"]
[Site "Olecko"]
[Date "2016-05-07"]
[Round "3.15"]
[White "Norek, Bartosz"]
[Black "Dolata, Marcin"]
[Result "0-1"]
[WhiteTitle "II+"]
[BlackTitle "II"]
[WhiteElo "1687"]
[BlackElo "1345"]

1. d4 Nf6 2. Nf3 e6 3. g3 Be7 4. Bg2 d5 5. O-O O-O 6. b3 b6 7. c4 Bb7 8. Nc3 c5
9. e3 Nbd7 10. Qe2 Qc7 11. Ba3 Rfe8 12. Rac1 Rac8 13. Rfd1 Qb8 14. Bb2 cxd4 15.
exd4 Ba6 16. Nd2 Bd6 17. Qf3 dxc4 18. Qe2 e5 19. Nce4 exd4 20. Bxd4 Nxe4 21. Bxe4
c3 22. Qxa6 cxd2 23. Rxc8 Rxc8 24. Qd3 h6 25. Qxd2 Nc5 26. Bf5 Rd8 27. Qc2 Nb7
28. Qe4 Bc5 29. Kg2 Nd6 30. Qe5 Nxf5 31. Qxf5 Rxd4 0-1

[Event "OGOLNOPOLSKA OLIMPIADA MLODZIEZY<br/>MISTRZOSTWA POLSKI JUNIOROW 2016 - C12"]
[Site "Olecko"]
[Date "2016-05-07"]
[Round "3.16"]
[White "Kacprzak, Karol"]
[Black "Gazik, Jakub"]
[Result "1/2-1/2"]
[WhiteTitle "I"]
[BlackTitle "II"]
[WhiteElo "1556"]
[BlackElo "1665"]

1. e4 e6 2. d4 d5 3. exd5 exd5 4. Bd3 Bd6 5. c3 Nc6 6. h3 Nge7 7. Nf3 Bf5 8. Be3
Bxd3 9. Qxd3 Qd7 10. Nbd2 O-O-O 11. b4 Nf5 12. O-O Nxe3 13. Qxe3 Rde8 14. Qd3
h6 15. Rfe1 f6 16. a4 g5 17. Rxe8+ Rxe8 18. Qg6 f5 19. Re1 Rxe1+ 20. Nxe1 Bf8
21. Nd3 f4 22. Nb3 Nd8 23. Nbc5 Qf7 24. Qxf7 Nxf7 25. Kf1 Bxc5 26. Nxc5 b6 27.
Nd3 c6 28. g3 fxg3 29. fxg3 Kc7 30. Ke2 Nd6 31. Nf2 h5 32. g4 h4 33. Kd3 a6 34.
Ke2 b5 35. a5 Nf7 36. Nd3 Kb7 37. Nc5+ Ka7 38. Ne6 Kb7 39. Nc5+ Ka7 40. Ne6 Kb7
41. Nc5+ 1/2-1/2

[Event "OGOLNOPOLSKA OLIMPIADA MLODZIEZY<br/>MISTRZOSTWA POLSKI JUNIOROW 2016 - C12"]
[Site "Olecko"]
[Date "2016-05-07"]
[Round "3.17"]
[White "Szatkowski, Pawel"]
[Black "Czechowski, Jakub"]
[Result "0-1"]
[WhiteTitle "II"]
[BlackTitle "II"]
[WhiteElo "1422"]
[BlackElo "1652"]

1. e4 c5 2. Nf3 d6 3. d4 cxd4 4. Nxd4 Nf6 5. Nc3 a6 6. Be2 Nc6 7. Nb3 g6 8. Be3
Bg7 9. O-O O-O 10. Qd2 b5 11. a3 Bb7 12. Bh6 Rc8 13. Bxg7 Kxg7 14. f4 Qb6+ 15.
Kh1 Na5 16. Nxa5 Qxa5 17. Bf3 Rfd8 18. Qe3 Nd7 19. Rfe1 Qb6 20. Qd2 Rc4 21. Rad1
Rdc8 22. Qe3 Qxe3 23. Rxe3 Nf8 24. e5 Bxf3 25. Rxf3 dxe5 26. fxe5 Ne6 27. Rd7
R8c7 28. Rxc7 Rxc7 29. Rd3 Nc5 30. Rd5 e6 31. Rd6 Rd7 32. Ne4 Rc7 33. Nc3 f6 34.
exf6+ Kxf6 35. Kg1 Ke5 36. Rd2 Ne4 37. Nxe4 Kxe4 38. c3 Rf7 39. Rd6 e5 40. Rxa6
Ke3 41. Re6 e4 42. b3 Kd3 43. c4 bxc4 44. bxc4 e3 45. c5 e2 46. h3 Rf1+ 47. Kh2
e1=Q 48. Rxe1 Rxe1 49. c6 Rc1 50. a4 Rxc6 0-1

[Event "OGOLNOPOLSKA OLIMPIADA MLODZIEZY<br/>MISTRZOSTWA POLSKI JUNIOROW 2016 - C12"]
[Site "Olecko"]
[Date "2016-05-07"]
[Round "3.18"]
[White "Sieczkowski, Adam"]
[Black "Popadowski, Wojciech"]
[Result "1-0"]
[WhiteTitle "II"]
[BlackTitle "II"]
[WhiteElo "1494"]
[BlackElo "1393"]

1. Nf3 Nf6 2. g3 b6 3. Bg2 Bb7 4. O-O e6 5. c4 Be7 6. d3 O-O 7. b3 d5 8. Nbd2 c5
9. Bb2 Nc6 10. Qc2 Rc8 11. Rfc1 Qc7 12. a3 Rfd8 13. Qb1 Na5 14. Be5 Qd7 15. b4
Nc6 16. b5 Nxe5 17. Nxe5 Qc7 18. Nef3 d4 19. a4 Bd6 20. Ng5 Bxg2 21. Kxg2 h6 22.
Ngf3 e5 23. a5 Qb7 24. axb6 axb6 25. Ra6 Ra8 26. Qa2 Rxa6 27. bxa6 Qa7 28. Qa4
Qd7 29. Ra1 Qxa4 30. Rxa4 Ra8 31. a7 Ne8 32. Nb1 Nc7 33. Na3 Kf8 34. Nd2 Ke7 35.
Ne4 Kd7 36. Nxd6 Kxd6 37. Nb5+ Nxb5 38. cxb5 Kc7 39. Kf3 Kb7 40. Ke4 f6 41. g4
Rxa7 42. Rxa7+ Kxa7 43. f4 exf4 44. Kxf4 Kb7 45. Kf5 Kc7 46. Kg6 Kd6 47. Kxg7
Ke5 48. Kxh6 Kf4 49. h4 Ke3 50. g5 fxg5 51. hxg5 Kxe2 52. g6 Kxd3 53. g7 Kc2 54.
g8=Q d3 55. Qc4+ Kd2 56. Kg5 Ke3 57. Kg4 d2 58. Qf1 c4 59. Qd1 c3 60. Qf3+ Kd4
61. Qe2 Kc5 62. Kf3 Kb4 63. Ke3 Kb3 64. Kd3 Kb4 65. Qd1 Kxb5 66. Kxc3 Kc5 67.
Qxd2 b5 68. Qd4+ Kc6 69. Kb4 Kc7 70. Kxb5 1-0

[Event "OGOLNOPOLSKA OLIMPIADA MLODZIEZY<br/>MISTRZOSTWA POLSKI JUNIOROW 2016 - C12"]
[Site "Olecko"]
[Date "2016-05-07"]
[Round "3.19"]
[White "Skawinski, Szymon"]
[Black "Trybus, Daniel"]
[Result "0-1"]
[WhiteTitle "II"]
[BlackTitle "II+"]
[WhiteElo "1348"]
[BlackElo "1711"]

1. e4 d5 2. exd5 Qxd5 3. Nc3 Qd6 4. d4 Nf6 5. Nf3 Nc6 6. Nb5 Qd8 7. c4 a6 8. Nc3
Bg4 9. d5 Ne5 10. Be2 Bxf3 11. Bxf3 Qd7 12. Be2 O-O-O 13. Qd4 Qf5 14. h3 e6 15.
g4 Nf3+ 16. Kf1 Nxd4 17. gxf5 Nxe2 18. Nxe2 exd5 19. b3 dxc4 20. bxc4 Rd1+ 21.
Kg2 Rxh1 22. Kxh1 Bc5 23. Kg2 Re8 24. Nf4 Rd8 25. Be3 Bd4 26. Rd1 Bxe3 27. Rxd8+
Kxd8 28. fxe3 Kd7 29. Kf3 Kd6 30. Nd3 Nd7 31. Ke2 Ne5 32. Nf4 Nxc4 33. Nh5 g6
34. fxg6 hxg6 35. Nf6 Ke6 36. Ne4 b6 37. Ng5+ Ke7 38. Kd3 Ne5+ 39. Kd4 Nc6+ 40.
Kc4 Na5+ 41. Kd5 c6+ 42. Kd4 f6 43. Nf3 Ke6 44. Ke4 c5 45. Ne1 Nc6 46. Nd3 g5
47. h4 gxh4 48. Kf4 Nb4 49. Nc1 c4 50. Ke4 h3 51. Kf3 b5 52. Kg3 a5 53. Kxh3 a4
54. Kg3 Nd3 55. Ne2 b4 56. Nd4+ Ke5 0-1

[Event "OGOLNOPOLSKA OLIMPIADA MLODZIEZY<br/>MISTRZOSTWA POLSKI JUNIOROW 2016 - C12"]
[Site "Olecko"]
[Date "2016-05-07"]
[Round "3.20"]
[White "Paprocki, Stanislaw"]
[Black "Retz, Adrian"]
[Result "0-1"]
[WhiteTitle "II"]
[BlackTitle "II"]
[WhiteElo "1612"]
[BlackElo "1387"]

1. Nf3 d5 2. g3 Nc6 3. Bg2 e5 4. d3 Bc5 5. c3 Nf6 6. O-O O-O 7. Nbd2 e4 8. Ne1
e3 9. fxe3 Bxe3+ 10. Kh1 Ng4 11. d4 Nf2+ 12. Rxf2 Bxf2 13. Nc2 Bxg3 14. hxg3 Qd6
15. Nf1 Bf5 16. Bf4 Qd7 17. Nh2 h6 18. Ne1 g5 19. Bd2 Qd6 20. Nf1 Be4 21. Bxe4
dxe4 22. e3 Qe6 23. Kg2 f5 24. b3 Qg6 25. Kh1 Rf7 26. Nh2 Raf8 27. Ng2 Ne7 28.
c4 Rg7 29. Qe2 f4 30. gxf4 Nf5 31. Qf2 Kh7 32. Bc3 gxf4 33. Nxf4 Ng3+ 34. Kg2
Rxf4 35. Qxf4 Ne2+ 36. Qg4 Qf7 37. Bd2 Rxg4+ 38. Nxg4 Qg7 39. Nh2 Qg6+ 40. Bc3
Qe6 0-1

[Event "OGOLNOPOLSKA OLIMPIADA MLODZIEZY<br/>MISTRZOSTWA POLSKI JUNIOROW 2016 - C12"]
[Site "Olecko"]
[Date "2016-05-07"]
[Round "3.21"]
[White "Panek, Bartosz"]
[Black "Swiech, Lukasz"]
[Result "1-0"]
[WhiteTitle "II"]
[BlackTitle "II"]
[WhiteElo "1473"]
[BlackElo "1295"]

1. e4 c5 2. c3 Nc6 3. d4 cxd4 4. cxd4 d6 5. Bc4 Nf6 6. Nc3 g6 7. Qb3 e6 8. Nf3
Bd7 9. Qc2 Bg7 10. Bg5 Qb6 11. O-O-O O-O 12. e5 Nd5 13. Bxd5 exd5 14. Qd2 dxe5
15. dxe5 Bf5 16. Bf6 Nb4 17. Bxg7 Kxg7 18. Qd4 Kg8 19. Qxb6 axb6 20. a3 Nd3+ 21.
Rxd3 Bxd3 22. Nxd5 Be4 23. Nf6+ Kg7 24. Nxe4 Rac8+ 25. Kb1 Rc7 26. Rc1 Re7 27.
Nd6 f6 28. Nc4 fxe5 29. Ncxe5 Rfe8 30. Rc3 h5 31. h4 Kf6 32. Rb3 Rxe5 33. Nxe5
Rxe5 34. Rxb6+ Kf5 35. Rxb7 g5 36. hxg5 Kxg5 37. a4 Re1+ 38. Ka2 Re2 39. f3 Kf4
40. Rg7 h4 41. a5 Re5 42. b4 Ke3 43. a6 1-0

[Event "OGOLNOPOLSKA OLIMPIADA MLODZIEZY<br/>MISTRZOSTWA POLSKI JUNIOROW 2016 - C12"]
[Site "Olecko"]
[Date "2016-05-07"]
[Round "3.22"]
[White "Bien, Hubert"]
[Black "Skorupka, Arkadiusz"]
[Result "1-0"]
[WhiteTitle "II"]
[BlackTitle "III"]
[WhiteElo "1402"]
[BlackElo "1180"]

1. d4 d5 2. c4 e6 3. Nf3 Nf6 4. Bg5 Be7 5. Nc3 h6 6. Bh4 O-O 7. e3 b6 8. Rc1 Bb7
9. Be2 Nbd7 10. O-O c5 11. Bg3 Ne4 12. Nxe4 dxe4 13. Ne5 Nxe5 14. Bxe5 Bf6 15.
Bxf6 Qxf6 16. dxc5 bxc5 17. Qc2 Rad8 18. Rfd1 Rxd1+ 19. Rxd1 Rd8 20. Rxd8+ Qxd8
21. Qd1 Qxd1+ 22. Bxd1 f5 23. Kf1 Bc6 24. Ke2 a5 25. Kd2 e5 26. g3 g5 27. Kc3
Kg7 28. a3 a4 29. b4 axb3 30. Kxb3 h5 31. Bxh5 g4 32. a4 Bb7 33. Be8 f4 34. a5
Ba6 35. Bb5 Bb7 36. a6 Ba8 37. Bd7 Kg6 38. Bc8 f3 39. Bb7 Bxb7 40. axb7 Kf6 41.
b8=Q Ke6 42. Ka4 Kd7 43. Kb5 Ke6 44. Kc6 Kf6 45. Qe8 Kf5 46. Kd6 Kf6 47. Qf8+
Kg5 48. Ke6 Kh5 49. Qg8 1-0

[Event "OGOLNOPOLSKA OLIMPIADA MLODZIEZY<br/>MISTRZOSTWA POLSKI JUNIOROW 2016 - C12"]
[Site "Olecko"]
[Date "2016-05-07"]
[Round "3.23"]
[White "Chudzik, Jakub"]
[Black "Wojtasik, Szymon"]
[Result "0-1"]
[WhiteTitle "II+"]
[BlackTitle "II"]
[WhiteElo "1388"]
[BlackElo "1151"]

1. e4 c5 2. Nf3 Nc6 3. d4 cxd4 4. Nxd4 g6 5. Nc3 Bg7 6. Be3 Nf6 7. Be2 O-O 8. O-O
d5 9. Nxc6 bxc6 10. exd5 Nxd5 11. Nxd5 cxd5 12. c3 a6 13. Bf3 e6 14. Rb1 Rb8 15.
Qd2 Re8 16. Rfd1 Bb7 17. Bc5 Qc7 18. Be3 Rbd8 19. Bh6 Bh8 20. h4 d4 21. Bxb7 dxc3
22. Qc2 Rxd1+ 23. Rxd1 Qxb7 24. bxc3 Qc6 25. c4 Rb8 26. Qd3 Qc7 27. Qd6 Qxd6 28.
Rxd6 Rb1+ 29. Kh2 Be5+ 30. g3 Bxd6 31. Be3 Ra1 32. c5 Bc7 33. c6 Rxa2 34. Bf4
Bxf4 35. gxf4 Rxf2+ 36. Kg3 Rc2 0-1

[Event "OGOLNOPOLSKA OLIMPIADA MLODZIEZY<br/>MISTRZOSTWA POLSKI JUNIOROW 2016 - C12"]
[Site "Olecko"]
[Date "2016-05-07"]
[Round "4.1"]
[White "Oglaza, Oskar"]
[Black "Czernek, Tymon"]
[Result "1-0"]
[WhiteTitle "k"]
[BlackTitle "I"]
[WhiteElo "2132"]
[BlackElo "1895"]

1. e4 c5 2. Nf3 d6 3. d4 cxd4 4. Nxd4 Nf6 5. Nc3 a6 6. h3 e5 7. Nde2 b5 8. Bg5
Nbd7 9. Ng3 h6 10. Be3 Bb7 11. a3 Nc5 12. Bd3 Be7 13. O-O O-O 14. b4 Nxd3 15.
cxd3 d5 16. Bc1 dxe4 17. dxe4 Qc7 18. Qb3 Rac8 19. Bb2 g6 20. Rac1 Qc4 21. Qxc4
Rxc4 22. f3 Nd7 23. Rcd1 Bc6 24. Nge2 Nb6 25. Nc1 Bd7 26. Nd3 f6 27. f4 exf4 28.
Nxf4 Be8 29. Ncd5 Bd8 30. Ne6 Nxd5 31. exd5 Bb6+ 32. Kh1 f5 33. Nxf8 Kxf8 34.
Rfe1 Bd7 35. Bg7+ Kf7 36. Bxh6 Bd8 37. Be3 Rc3 38. Bc5 Rxa3 39. Re2 f4 40. Rde1
f3 41. Re7+ Bxe7 42. Rxe7+ Kf6 43. Rxd7 Ra1+ 44. Kh2 Ra2 45. Kg3 fxg2 46. d6 Rc2
47. Bf2 Ke6 48. Ra7 Kd5 1-0

[Event "OGOLNOPOLSKA OLIMPIADA MLODZIEZY<br/>MISTRZOSTWA POLSKI JUNIOROW 2016 - C12"]
[Site "Olecko"]
[Date "2016-05-07"]
[Round "4.2"]
[White "Dzida, Kamil"]
[Black "Czopor, Maciej"]
[Result "0-1"]
[WhiteTitle "I"]
[BlackTitle "I+"]
[WhiteElo "1838"]
[BlackElo "1980"]

1. e4 c5 2. Nf3 e6 3. d4 cxd4 4. Nxd4 Nf6 5. Nc3 d6 6. g4 Nc6 7. Nxc6 bxc6 8. g5
Nd7 9. f4 Be7 10. h4 h6 11. Bg2 hxg5 12. hxg5 Rxh1+ 13. Bxh1 Qb6 14. Ne2 e5 15.
f5 Ba6 16. b3 O-O-O 17. c4 Rh8 18. Bg2 Rh5 19. Qd3 Bxg5 20. Bxg5 Rxg5 21. Bf3
d5 22. exd5 e4 23. Qxe4 Rg1+ 24. Nxg1 Qxg1+ 25. Kd2 Qxa1 26. d6 Ne5 27. f6 g6
28. Ke3 Qc3+ 29. Kf4 Qxf3+ 30. Kxe5 Qxe4+ 31. Kxe4 Kd7 32. Ke5 Bb7 33. c5 a5 34.
a3 Ba6 35. b4 axb4 36. axb4 Bb5 37. Kf4 Ke6 38. Kg5 Bc4 39. Kg4 Kxf6 40. Kf4 Ke6
41. Ke4 g5 42. Kf3 f5 43. Kg3 f4+ 44. Kf3 Bd5+ 45. Kg4 f3 46. Kg3 g4 47. Kf2 Kd7
48. Kg3 Be6 49. Kf2 Kc8 50. Kg3 Kb7 51. Kf2 Ka6 0-1

[Event "OGOLNOPOLSKA OLIMPIADA MLODZIEZY<br/>MISTRZOSTWA POLSKI JUNIOROW 2016 - C12"]
[Site "Olecko"]
[Date "2016-05-07"]
[Round "4.3"]
[White "Fiedorek, Michal"]
[Black "Mechlinski, Jakub"]
[Result "1/2-1/2"]
[WhiteTitle "I"]
[BlackTitle "II+"]
[WhiteElo "1783"]
[BlackElo "1805"]

1. e4 e6 2. Nf3 d5 3. Nc3 d4 4. Ne2 c5 5. c3 dxc3 6. bxc3 Nf6 7. Ng3 Nc6 8. Be2
Be7 9. O-O O-O 10. d4 a6 11. Bb2 b6 12. Qc2 Bb7 13. Rac1 Rc8 14. Qd2 h6 15. Bd3
Qc7 16. Qe2 Nb8 17. Ne5 Rfd8 18. f4 Nbd7 19. a4 a5 20. Qf3 Ne8 21. Qh5 Nd6 22.
Nxd7 Qxd7 23. e5 Qc6 24. Qe2 Ne8 25. Bb5 Qc7 26. f5 Bg5 27. fxe6 fxe6 28. Qg4
Qe7 29. Rcd1 Nc7 30. Bd3 Nd5 31. Qe4 Be3+ 32. Kh1 Nf4 33. Qh7+ Kf8 34. Rxf4+ Bxf4
35. Bg6 Bxg2+ 36. Kxg2 Qb7+ 37. Be4 Qf7 38. Rf1 g5 39. Qxh6+ Ke7 40. Qf6+ Qxf6
41. exf6+ Kxf6 42. Nh5+ Ke5 1/2-1/2